000 00556pam a2200205 a 4500
020 _c217.40
040 _aMedical College Libr
041 _aENG
_hENG
082 _a616.075
_bTAL
100 _aTalib, V.H..
245 _aEssential Laboratory Medicine /
_c
_hTextual Documents
260 _a :
_bInterprint ,
_c1999.
300 _a1139 ;
_c
365 _a217.40
653 _aMedical Science
_aPathology
907 _a10494
_a10493
_a10492
_a10491
930 _a6865
999 _c6864
_d6864